000 00485nam a2200169Ia 4500
003 LK-CoDNM
008 010623t1997 xxu||||| |||| 00| 1 sin d
040 _aLK-CoDNM
_dLK-CoDNM
_eLK-CoDNM
041 _asin
080 _aX 32
100 _aGamage,S.I
245 _aශ්‍රි ලංකාවේ ආණ්ඬු කර්ම විකාශය
246 _aSri Lankwe Andu Krama Vikasahanaya
260 _bRathna
_aColombo 10
_c1997
300 _b275p.;20 cm cm
942 _cBK
999 _c118471
_d118471